EPI judikatúra a monotematika - vybrané oblasti
Gespeichert in:
| Format: | Schriftenreihe |
|---|---|
| Sprache: | Slowakisch |
| Veröffentlicht: |
Žilina
Poradca podnikateľa
|
| Tags: |
Keine Tags, Fügen Sie das erste Tag hinzu!
|
MARC
| LEADER | 00000nls a2200000 4500 | ||
|---|---|---|---|
| 001 | 0279702 | ||
| 005 | 20260204150723.2 | ||
| 041 | 0 | |a slo | |
| 044 | |a SK | ||
| 245 | 1 | 0 | |a EPI judikatúra a monotematika - vybrané oblasti |
| 264 | 1 | |a Žilina |b Poradca podnikateľa | |